Africa's unfolding economic transformation (Record no. 506444)

000 -LEADER
fixed length control field 00469nam a2200169Ia 4500
008 - FIXED-LENGTH DATA ELEMENTS--GENERAL INFORMATION
fixed length control field 181130s2018 xx 000 0 und d
100 ## - MAIN ENTRY--PERSONAL NAME
Personal name Jayne, T.S.
245 ## - TITLE STATEMENT
Title Africa's unfolding economic transformation
260 ## - PUBLICATION, DISTRIBUTION, ETC.
Date of publication, distribution, etc. 2018
300 ## - PHYSICAL DESCRIPTION
Extent p.777-787.
504 ## - BIBLIOGRAPHY, ETC. NOTE
-- May
650 ## - SUBJECT ADDED ENTRY--TOPICAL TERM
Topical term or geographic name entry element Africa - Economic policy
650 ## - SUBJECT ADDED ENTRY--TOPICAL TERM
Topical term or geographic name entry element Economic policy
700 ## - ADDED ENTRY--PERSONAL NAME
Personal name Chamberlin, Jordan and Benfica, Rui
773 ## - HOST ITEM ENTRY
Main entry heading Journal of Development Studies
906 ## - LOCAL DATA ELEMENT F, LDF (RLIN)
a Economic policy
Holdings
Withdrawn status Lost status Damaged status Not for loan Permanent Location Current Location Date acquired Serial Enumeration / chronology Barcode Date last seen Price effective from Koha item type
        Indian Institute of Public Administration Indian Institute of Public Administration 2018-12-07 54(5), May, 2018: p.777-787. AR118239 2018-12-07 2018-12-07 Articles

Powered by Koha